Propuesta de diseño de una Red Móvil basada en la tecnología TD- SDMA en la Región Autónoma del Atlántico Sur de Nicaragua
Presenta un diseño de una red móvil usando el modelo de propagación estándar (Stardard Propagation Model- SPM) en la Región Autónoma del Atlántico Sur (RAAS) en Bluefields, Nueva guinea y el rama, realizando estudios de cobertura, datos de terreno y predicciones para determinar la cantidad de...
| Main Authors: | , |
|---|---|
| Other Authors: | |
| Format: | Tesis Section = Libro |
| Language: | Undetermined Spanish |
| Published: |
Managua, Nicaragua
IES-UNI
2018
|
| Subjects: |
| LEADER | 01286nam a2200265Ia 4500 | ||
|---|---|---|---|
| 008 | 240830s9999 xx 000 0 und d | ||
| 040 | |a BIBLIOTECA-RUSB/ Mon 004.68 B116 | ||
| 041 | |a spa | ||
| 082 | |a Mon 004.68 B116 | ||
| 100 | 1 | |a Baca Robleto, Jorge Milton | |
| 100 | 1 | |b Sarria Palma, Cristofer David | |
| 245 | 1 | 0 | |a Propuesta de diseño de una Red Móvil basada en la tecnología TD- SDMA en la Región Autónoma del Atlántico Sur de Nicaragua |
| 260 | |a Managua, Nicaragua |b IES-UNI |c 2018 | ||
| 300 | |a 50 p. :il. | ||
| 500 | |a Contiene: CD. | ||
| 502 | |a Tesis (Ingeniero en Telecomunicaciones) - IES-UNI, 2018. | ||
| 520 | 3 | |a Presenta un diseño de una red móvil usando el modelo de propagación estándar (Stardard Propagation Model- SPM) en la Región Autónoma del Atlántico Sur (RAAS) en Bluefields, Nueva guinea y el rama, realizando estudios de cobertura, datos de terreno y predicciones para determinar la cantidad de estaciones base que requiere el diseño de una red óptima. | |
| 650 | 7 | |a SISTEMA DE COMUNICACIÓN | |
| 650 | 7 | |b SISTEMA DE TELECOMUNICACIÓN | |
| 650 | 7 | |c REDES MÓVILES – NICARAGUA | |
| 650 | 7 | |d SOFTWARE ATOLL – DISEÑO | |
| 700 | 1 | |a Tutor: |b Lira Rocha, Ernesto José | |
| 942 | |c BK |2 ddc | ||
| 991 | |a TESIS | ||
| 999 | |c 19651 | ||